|
|
|
|
| LEADER |
01000caa a22002652c 4500 |
| 001 |
374104875 |
| 003 |
DE-627 |
| 005 |
20260401111455.0 |
| 007 |
tu |
| 008 |
031126s1979 xx ||||| 00| ||ger c |
| 035 |
|
|
|a (DE-627)374104875
|
| 035 |
|
|
|a (DE-599)GBV374104875
|
| 040 |
|
|
|a DE-627
|b ger
|c DE-627
|e rakwb
|
| 041 |
|
|
|a ger
|
| 100 |
1 |
|
|a Ambrosius, Gerold
|e verfasserin
|4 aut
|
| 245 |
1 |
0 |
|a Marktwirtschaft oder Planwirtschaft?
|b planwirtschaftliche Ansätze der bizonalen deutschen Selbstverwaltung 1946-1949
|c Gerold Ambrosius
|
| 264 |
|
1 |
|c 1979
|
| 336 |
|
|
|a Text
|b txt
|2 rdacontent
|
| 337 |
|
|
|a ohne Hilfsmittel zu benutzen
|b n
|2 rdamedia
|
| 338 |
|
|
|a Band
|b nc
|2 rdacarrier
|
| 773 |
0 |
8 |
|i In
|t Vierteljahrschrift für Sozial- und Wirtschaftsgeschichte
|d Stuttgart : Steiner, 1903
|g 66(1979), 1, Seite 74-110
|w (DE-627)129459623
|w (DE-600)200400-8
|w (DE-576)01482342X
|x 0042-5699
|7 nnas
|
| 773 |
1 |
8 |
|g volume:66
|g year:1979
|g number:1
|g pages:74-110
|
| 912 |
|
|
|a GBV_USEFLAG_U
|
| 912 |
|
|
|a GBV_ILN_21
|
| 912 |
|
|
|a ISIL_DE-46
|
| 912 |
|
|
|a SYSFLAG_1
|
| 912 |
|
|
|a GBV_KXP
|
| 912 |
|
|
|a GBV_ILN_11
|
| 912 |
|
|
|a GBV_ILN_20
|
| 912 |
|
|
|a GBV_ILN_22
|
| 912 |
|
|
|a GBV_ILN_24
|
| 912 |
|
|
|a GBV_ILN_26
|
| 912 |
|
|
|a GBV_ILN_31
|
| 912 |
|
|
|a GBV_ILN_32
|
| 912 |
|
|
|a GBV_ILN_39
|
| 912 |
|
|
|a GBV_ILN_40
|
| 912 |
|
|
|a GBV_ILN_50
|
| 912 |
|
|
|a GBV_ILN_60
|
| 912 |
|
|
|a GBV_ILN_62
|
| 912 |
|
|
|a GBV_ILN_65
|
| 912 |
|
|
|a GBV_ILN_69
|
| 912 |
|
|
|a GBV_ILN_70
|
| 912 |
|
|
|a GBV_ILN_72
|
| 912 |
|
|
|a GBV_ILN_90
|
| 912 |
|
|
|a GBV_ILN_92
|
| 912 |
|
|
|a GBV_ILN_100
|
| 912 |
|
|
|a GBV_ILN_104
|
| 912 |
|
|
|a GBV_ILN_110
|
| 912 |
|
|
|a GBV_ILN_113
|
| 912 |
|
|
|a GBV_ILN_120
|
| 912 |
|
|
|a GBV_ILN_130
|
| 912 |
|
|
|a GBV_ILN_131
|
| 912 |
|
|
|a GBV_ILN_176
|
| 912 |
|
|
|a GBV_ILN_193
|
| 912 |
|
|
|a GBV_ILN_203
|
| 912 |
|
|
|a GBV_ILN_227
|
| 912 |
|
|
|a GBV_ILN_244
|
| 912 |
|
|
|a GBV_ILN_267
|
| 912 |
|
|
|a GBV_ILN_285
|
| 912 |
|
|
|a GBV_ILN_350
|
| 912 |
|
|
|a GBV_ILN_365
|
| 912 |
|
|
|a GBV_ILN_640
|
| 912 |
|
|
|a GBV_ILN_665
|
| 912 |
|
|
|a GBV_ILN_812
|
| 912 |
|
|
|a GBV_ILN_2001
|
| 912 |
|
|
|a GBV_ILN_2002
|
| 912 |
|
|
|a GBV_ILN_2003
|
| 912 |
|
|
|a GBV_ILN_2004
|
| 912 |
|
|
|a GBV_ILN_2005
|
| 912 |
|
|
|a GBV_ILN_2006
|
| 912 |
|
|
|a GBV_ILN_2007
|
| 912 |
|
|
|a GBV_ILN_2008
|
| 912 |
|
|
|a GBV_ILN_2009
|
| 912 |
|
|
|a GBV_ILN_2010
|
| 912 |
|
|
|a GBV_ILN_2011
|
| 912 |
|
|
|a GBV_ILN_2012
|
| 912 |
|
|
|a GBV_ILN_2015
|
| 912 |
|
|
|a GBV_ILN_2016
|
| 912 |
|
|
|a GBV_ILN_2018
|
| 912 |
|
|
|a GBV_ILN_2020
|
| 912 |
|
|
|a GBV_ILN_2026
|
| 912 |
|
|
|a GBV_ILN_2027
|
| 912 |
|
|
|a GBV_ILN_2030
|
| 912 |
|
|
|a GBV_ILN_2031
|
| 912 |
|
|
|a GBV_ILN_2032
|
| 912 |
|
|
|a GBV_ILN_2035
|
| 912 |
|
|
|a GBV_ILN_2037
|
| 912 |
|
|
|a GBV_ILN_2046
|
| 912 |
|
|
|a GBV_ILN_2056
|
| 912 |
|
|
|a GBV_ILN_2060
|
| 912 |
|
|
|a GBV_ILN_2066
|
| 912 |
|
|
|a GBV_ILN_2175
|
| 912 |
|
|
|a GBV_ILN_2247
|
| 912 |
|
|
|a GBV_ILN_2301
|
| 912 |
|
|
|a GBV_ILN_2430
|
| 912 |
|
|
|a GBV_ILN_2489
|
| 912 |
|
|
|a GBV_ILN_2505
|
| 912 |
|
|
|a GBV_ILN_2579
|
| 912 |
|
|
|a GBV_ILN_4012
|
| 912 |
|
|
|a GBV_ILN_4027
|
| 912 |
|
|
|a GBV_ILN_4028
|
| 912 |
|
|
|a GBV_ILN_4029
|
| 912 |
|
|
|a GBV_ILN_4035
|
| 912 |
|
|
|a GBV_ILN_4036
|
| 912 |
|
|
|a GBV_ILN_4037
|
| 912 |
|
|
|a GBV_ILN_4038
|
| 912 |
|
|
|a GBV_ILN_4046
|
| 912 |
|
|
|a GBV_ILN_4082
|
| 912 |
|
|
|a GBV_ILN_4103
|
| 912 |
|
|
|a GBV_ILN_4112
|
| 912 |
|
|
|a GBV_ILN_4125
|
| 912 |
|
|
|a GBV_ILN_4126
|
| 912 |
|
|
|a GBV_ILN_4193
|
| 912 |
|
|
|a GBV_ILN_4238
|
| 912 |
|
|
|a GBV_ILN_4246
|
| 912 |
|
|
|a GBV_ILN_4251
|
| 912 |
|
|
|a GBV_ILN_4253
|
| 912 |
|
|
|a GBV_ILN_4261
|
| 912 |
|
|
|a GBV_ILN_4266
|
| 912 |
|
|
|a GBV_ILN_4277
|
| 912 |
|
|
|a GBV_ILN_4302
|
| 912 |
|
|
|a GBV_ILN_4305
|
| 912 |
|
|
|a GBV_ILN_4306
|
| 912 |
|
|
|a GBV_ILN_4309
|
| 912 |
|
|
|a GBV_ILN_4310
|
| 912 |
|
|
|a GBV_ILN_4311
|
| 912 |
|
|
|a GBV_ILN_4314
|
| 912 |
|
|
|a GBV_ILN_4315
|
| 912 |
|
|
|a GBV_ILN_4316
|
| 912 |
|
|
|a GBV_ILN_4317
|
| 912 |
|
|
|a GBV_ILN_4318
|
| 912 |
|
|
|a GBV_ILN_4319
|
| 912 |
|
|
|a GBV_ILN_4320
|
| 912 |
|
|
|a GBV_ILN_4321
|
| 912 |
|
|
|a GBV_ILN_4323
|
| 912 |
|
|
|a GBV_ILN_4324
|
| 912 |
|
|
|a GBV_ILN_4325
|
| 912 |
|
|
|a GBV_ILN_4326
|
| 912 |
|
|
|a GBV_ILN_4346
|
| 912 |
|
|
|a GBV_ILN_4367
|
| 912 |
|
|
|a GBV_ILN_4700
|
| 912 |
|
|
|a GBV_ILN_22
|
| 912 |
|
|
|a ISIL_DE-18
|
| 912 |
|
|
|a GBV_ILN_22_i30908
|
| 912 |
|
|
|a GBV_ILN_26
|
| 912 |
|
|
|a ISIL_DE-206
|
| 935 |
|
|
|i ZBWRetro
|
| 951 |
|
|
|a AR
|
| 952 |
|
|
|d 66
|j 1979
|e 1
|h 74-110
|
| 980 |
|
|
|2 21
|1 01
|x 0046
|b 118823272X
|y xza
|z 15-10-10
|
| 980 |
|
|
|2 22
|1 01
|x 0018
|b 885752708
|y xi30908
|z 08-08-08
|
| 980 |
|
|
|2 26
|1 01
|x 0206
|b 623950014
|y r1k
|z 26-11-03
|
| 982 |
|
|
|2 26
|1 00
|x DE-206
|8 90
|a Wirtschaftsordnung
|
| 982 |
|
|
|2 26
|1 00
|x DE-206
|8 90
|a Deutschland
|